header

The official guide to 3D GameStudio (Record no. 38521)

MARC details
000 -LEADER
fixed length control field 01360nam a2200349 a 4500
082 04 - DEWEY DECIMAL CLASSIFICATION NUMBER
Classification number 794.8/1536
100 1# - MAIN ENTRY--AUTHOR NAME
Personal name Duggan, Michael.
245 14 - TITLE STATEMENT
Title The official guide to 3D GameStudio
260 ## - PUBLICATION, DISTRIBUTION, ETC. (IMPRINT)
Place of publication Boston, Mass. :
Name of publisher Thomson Course Technology,
Year of publication c2007.
300 ## - PHYSICAL DESCRIPTION
Number of Pages xviii, 453 p. :
Other physical details ill.
500 ## - GENERAL NOTE
General note Includes index.
505 0# - FORMATTED CONTENTS NOTE
Formatted contents note pt. I. Game creation basics -- pt. II. Making an action game -- pt. III. Making a role-playing game -- pt. IV. Conclusion.
650 #0 - SUBJECT ADDED ENTRY--TOPICAL TERM
Topical Term Computer games
856 40 - ELECTRONIC LOCATION AND ACCESS
Uniform Resource Identifier http://site.ebrary.com/lib/rucke/Doc?id=10228240

No items available.

© 2026 Rongo University
Contact us: librarian | system librarian | Rongo university